000 00821nam a2200229Ii 4500
003 JO-AjNU
008 230605s9999||||xx |||||||||||||| ||und||
017 _a2003/9/2077
020 _a9957-11-449-2
040 _aJO-AjNU
_bara
_erda
_cJO-AjNU
041 _aara
050 1 4 _aTS161.A74 2009
100 3 _aعقيلي, عمر وصفي /م مشارك منعم زمزير الموسوي، قحطان العبدلي ,
_eauthor
_933055
245 0 0 _aادارة المواد الشراء والتخزين من منظور كمي
250 _aط4
264 3 1 _aعمان:دار وائل للنشر والتوزيع،2009
300 _a426ص
336 _atext
_btxt
_2rdacontent
337 _aunmediated
_bn
_2rdamedia
338 _avolume
_bnc
_2rdacarrier
650 4 _aادارة الاعمال-الاقتصاد
_933056
999 _aA13414
_c16982
_d16982